00874nam a22002177a 4500003000200000005001700002008004100019040002000060100002500080110002200105245017700127260002700304300001000331500013700341501005800478504002400536600002100560650002400581650003900605650001200644020160609165645.0100724t xxu||||| |||| 00| 0 eng d aBUACbFrcENEAM aALMEIDA de, Florisse aAPHEDD-BAVECbFNM aGestion optimale de l'octroi du micro crédit aux plus pauvres par les partenaires stratégiques du FNM: bcas de l'APHEDD-BAVECc/ Florisse, ALMEIDA de, Romaric, MINAVOA aCotonou:bENEAM,c2009 a54 p. aMémoire de fin de formation (cycle I) : ENEAM, pour l'obtention du Diplôme de Technicien Supérieur (DTS) Gestion des Banques.  aPublié avec la version électronique du mémoire. aComprend: bibliogr. aMINAVOA, Romaric aGESTION DES BANQUES aGESTION OPTIMALE DES MICRO CREDITS aPAUVRES